000 01171cam a22001814a 4500
005 20250605164338.0
008 250528s ||||||||||||||||||||||||d
035 _a23508
040 _aGR-AtMCL
_bgre
_dGR-AtMCL
_eAACR2
245 1 _aChildren's Entry to the Kindergarten/What Strategies Do Primary Educators Use to Reinforce a Suitable Adapting Environment for Children in the Kindergarten? Which Strategies are Considered Effective?
300 _a64
520 _aOutline of the Research, Literature Review, Definition of Transition and Transition Strategies, Educational Models and Best Practices for the Integration of Children into the Classroom, Statement of Scope and Aims of the Study, Methodology, The Research Strategy, The Research Instrument and Participants, Procedure, Statement of Results and Discussion, Procedure, Statement of Results and Discussion, General Conclusion, General Discussion, Limitations - Recommendations, Learning Outcome and Personal Development Plan, Conclusion, References, Appendices.
700 1 _aPapaggeli Aggeliki
_99079
700 1 _aTripabouki Amalia-Andriani
_99081
942 _cDS
999 _c8514
_d8514